Student's manual of the history of India (Record no. 438129)

000 -LEADER
fixed length control field 00352cam a22001217a 4500
008 - FIXED-LENGTH DATA ELEMENTS--GENERAL INFORMATION
fixed length control field 180718b1870 xxu||||| |||| 00| 0 eng d
082 ## - DEWEY DECIMAL CLASSIFICATION NUMBER
Classification number A6x54 T216
100 ## - MAIN ENTRY--PERSONAL NAME
Personal name Taylor, Meadows
245 ## - TITLE STATEMENT
Title Student's manual of the history of India
Statement of responsibility, etc. by Meadows Taylor
260 ## - PUBLICATION, DISTRIBUTION, ETC.
Place of publication, distribution, etc. London
Name of publisher, distributor, etc. Longmans, Green and Co.
Date of publication, distribution, etc. 1870
300 ## - PHYSICAL DESCRIPTION
Extent 882p.
650 ## - SUBJECT ADDED ENTRY--TOPICAL TERM
Topical term or geographic name entry element India --History
Holdings
Withdrawn status Lost status Damaged status Not for loan Permanent Location Current Location Date acquired Full call number Barcode Date last seen Price effective from Koha item type
        Indian Institute of Public Administration Indian Institute of Public Administration 2010-04-02 A6x54 T216 7884 2018-07-21 2018-07-21 Book

Powered by Koha